[Event "CZE-ch Seniors 65"]
[Site "Olomouc"]
[Date "2023.08.17"]
[Round "7"]
[White "Bartos, Alois"]
[Black "Kudrlicka, Ladislav"]
[Result "1/2-1/2"]
[WhiteElo "1884"]
[BlackElo "1993"]
[PlyCount "63"]
[EventDate "2023.08.12"]
[EventType "swiss"]
[EventRounds "9"]
[EventCountry "CZE"]
[SourceTitle "EXT 2024"]
[Source "ChessBase"]
[SourceDate "2023.10.10"]
[SourceVersion "1"]
[SourceVersionDate "2023.10.10"]
[SourceQuality "1"]

1. e4 e5 2. Nf3 Nc6 3. d4 exd4 4. Bc4 Nf6 5. e5 d5 6. Bb5 Ne4 7. Nxd4 Bc5 8. Be3 0-0 9. Bxc6 bxc6 10. 0-0 Bd7 11. f3 Ng5 12. f4 Ne4 13. Nd2 Nxd2 14. Qxd2 Bb6 15. a4 c5 16. Nf3 d4 17. Bf2 a5 18. b3 Bc6 19. Qd3 Qd5 20. Rfe1 Bb7 21. Rad1 Ba6 22. c4 Qc6 23. f5 Bb7 24. Qd2 Rae8 25. Qg5 f6 26. exf6 Qxf6 27. Qxf6 gxf6 28. Nd2 Re5 29. g4 Rfe8 30. Kf1 Kf7 31. Bg3 Re3 32. Bf4 1/2-1/2

[Event "CZE-ch Seniors 65"]
[Site "Olomouc"]
[Date "2023.08.12"]
[Round "1"]
[White "Bartos, Alois"]
[Black "Strakos, Jiri"]
[Result "1/2-1/2"]
[WhiteElo "1884"]
[BlackElo "1648"]
[PlyCount "223"]
[EventDate "2023.08.12"]
[EventType "swiss"]
[EventRounds "9"]
[EventCountry "CZE"]
[SourceTitle "EXT 2024"]
[Source "ChessBase"]
[SourceDate "2023.10.10"]
[SourceVersion "1"]
[SourceVersionDate "2023.10.10"]
[SourceQuality "1"]

1. e4 d6 2. d4 Nf6 3. Nc3 e5 4. Nf3 exd4 5. Nxd4 Be7 6. Be2 0-0 7. 0-0 c5 8. Nb3 Nc6 9. f4 a5 10. Be3 a4 11. Nd2 d5 12. exd5 Nxd5 13. Nxd5 Qxd5 14. Bf3 Qd8 15. c3 Qc7 16. Qe1 Bf5 17. Qf2 b6 18. Rfe1 Rad8 19. Be2 Bd3 20. Bf3 f5 21. Bd1 Ra8 22. Bf3 Rad8 23. Rac1 Bf6 24. Bd1 Ra8 25. Bf3 Rad8 26. b3 axb3 27. axb3 Rb8 28. g3 Rfd8 29. Kg2 Ne7 30. b4 c4 31. h3 Nd5 32. Bxd5+ Rxd5 33. Kh2 g6 34. Nf3 Be4 35. Bd4 Bxd4 36. Nxd4 Kf7 37. Ra1 Rdd8 38. Nb5 Qd7 39. Ra7 Rb7 40. Rxb7 Bxb7 41. Nd4 Ra8 42. Qe2 Qd5 43. g4 fxg4 44. hxg4 Qd7 45. Kg3 Re8 46. Qxe8+ Qxe8 47. Rxe8 Kxe8 48. Kh4 Kf7 49. g5 Be4 50. Kg3 Ke7 51. Kf2 Kd6 52. Ke3 Bd3 53. Nf3 Ke6 54. Ne5 Kf5 55. Nd7 b5 56. Nf8 Be4 57. Nxh7 Bc6 58. Nf6 Ke6 59. Ne4 Kf5 60. Nd2 Bb7 61. Nf3 Kg4 62. Nd4 Ba6 63. Ke4 Bb7+ 64. Ke5 Ba6 65. Ne6 Bc8 66. Nf8 Bf5 67. Nh7 Kf3 68. Nf6 Ke3 69. Nd5+ Kd3 70. Ne7 Be4 71. f5 gxf5 72. Nxf5 Bf3 73. g6 Bh5 74. g7 Bf7 75. Kf6 Bd5 76. Nh6 Kxc3 77. Nf7 Kb2 78. g8Q c3 79. Qg1 c2 80. Ne5 Bc4 81. Qd4+ Kb1 82. Nxc4 c1Q 83. Nd2+ Ka2 84. Qd5+ Kb2 85. Ne4 Qh6+ 86. Ke5 Qg7+ 87. Kd6 Qf8+ 88. Kc6 Qxb4 89. Nc5 Qc4 90. Qe5+ Qc3 91. Qe2+ Qc2 92. Qxb5+ Kc1 93. Qf1+ Kb2 94. Qb5+ Kc1 95. Kb6 Qg6+ 96. Ka5 Kd2 97. Nb3+ Ke3 98. Ka4 Qe4+ 99. Ka3 Qa8+ 100. Kb2 Qg2+ 101. Kb1 Qg1+ 102. Nc1 Qg6+ 103. Ka2 Qg2+ 104. Ka3 Qa8+ 105. Kb3 Qg8+ 106. Kb2 Qg7+ 107. Kb1 Qg6+ 108. Ka2 Qg2+ 109. Ka1 Qg7+ 110. Ka2 Qa7+ 111. Kb3 Qf7+ 112. Ka3 1/2-1/2

[Event "CZE-chT2A 1920"]
[Site "Czech Republic"]
[Date "2020.06.28"]
[Round "11.8"]
[White "Vavra, Stanislav"]
[Black "Bartos, Alois"]
[Result "1/2-1/2"]
[WhiteElo "1978"]
[BlackElo "1963"]
[PlyCount "42"]
[EventDate "2019.10.13"]
[EventType "team-tourn"]
[EventRounds "11"]
[EventCountry "CZE"]
[SourceTitle "EXT 2024"]
[Source "ChessBase"]
[SourceDate "2023.10.10"]
[SourceVersion "1"]
[SourceVersionDate "2023.10.10"]
[SourceQuality "1"]
[WhiteTeam "Vlasim II"]
[BlackTeam "Tabor"]
[WhiteTeamCountry "CZE"]
[BlackTeamCountry "CZE"]

1. e4 c5 2. Nf3 e6 3. c3 d5 4. e5 d4 5. cxd4 cxd4 6. Qa4+ Nc6 7. Bb5 Bd7 8. 0-0 Bc5 9. d3 a6 10. Bxc6 Bxc6 11. Qd1 Ne7 12. a3 0-0 13. b4 Ba7 14. Bb2 Ng6 15. Nbd2 Nh4 16. Re1 Nxf3+ 17. Nxf3 Qd7 18. Ng5 h6 19. Ne4 Qd5 20. f4 f5 21. exf6 gxf6 1/2-1/2

[Event "EU-chT Railways USIC"]
[Site "Korenov"]
[Date "2017.10.11"]
[Round "2.6"]
[White "Bartos, Alois"]
[Black "Klimt, Hans"]
[Result "1-0"]
[WhiteElo "1872"]
[BlackElo "1633"]
[PlyCount "48"]
[EventDate "2017.10.10"]
[EventType "team-tourn"]
[EventRounds "5"]
[EventCountry "CZE"]
[SourceTitle "CBM 181 Extra"]
[Source "ChessBase"]
[SourceDate "2017.12.12"]
[SourceVersion "1"]
[SourceVersionDate "2017.12.12"]
[SourceQuality "1"]
[WhiteTeam "Czech Republic"]
[BlackTeam "Austria"]
[WhiteTeamCountry "CZE"]
[BlackTeamCountry "AUT"]

1. e4 e5 2. Bc4 Nf6 3. d3 h6 4. Nf3 d6 5. c3 Bd7 6. Qb3 Be7 7. Bxf7+ Kf8 8. Bg6 Be8 9. Bxe8 Nxe8 10. Qxb7 Nd7 11. Qb3 Nc5 12. Qc2 Nf6 13. Be3 Ne6 14. Nbd2 Ng4 15. Nf1 Nxe3 16. Nxe3 g6 17. Nd5 Nf4 18. Nxf4 exf4 19. d4 Kg7 20. 0-0-0 c6 21. d5 Qb6 22. dxc6 Qxc6 23. Nd4 Qe8 24. Ne6+ Kh7 1-0

[Event "CZE-chT2C 1617"]
[Site "Czech Republic"]
[Date "2017.04.02"]
[Round "11.8"]
[White "Nentvich, Libor"]
[Black "Bartos, Alois"]
[Result "1/2-1/2"]
[WhiteElo "1846"]
[BlackElo "1946"]
[PlyCount "135"]
[EventDate "2016.10.09"]
[EventType "team-tourn"]
[EventRounds "11"]
[EventCountry "CZE"]
[SourceTitle "EXT 2022"]
[Source "ChessBase"]
[SourceDate "2021.10.06"]
[SourceVersion "1"]
[SourceVersionDate "2021.10.06"]
[SourceQuality "1"]
[WhiteTeam "Praha Vrsovice"]
[BlackTeam "Tabor"]
[WhiteTeamCountry "CZE"]
[BlackTeamCountry "CZE"]

1. e4 c5 2. Nf3 e6 3. d4 cxd4 4. Nxd4 Nf6 5. Nc3 d6 6. Bc4 Be7 7. 0-0 0-0 8. Bb3 a6 9. f4 Qc7 10. Qf3 Nc6 11. Be3 Bd7 12. Rad1 Nxd4 13. Bxd4 e5 14. Be3 Bg4 15. Qg3 Bxd1 16. Rxd1 Nh5 17. Nd5 Qd8 18. Qf3 Nxf4 19. Nxf4 exf4 20. Qxf4 Bf6 21. Rxd6 Qa5 22. Bd2 Qe5 23. Qxe5 Bxe5 24. Rd7 Rad8 25. Bxf7+ Kh8 26. Rxd8 Rxd8 27. Bd5 Bxb2 28. Kf1 Be5 29. g3 b6 30. Be3 b5 31. Ke2 g6 32. Bh6 Bf6 33. h4 Rc8 34. Bd2 Rxc2 35. Kd3 Rc7 36. Ba5 Rc1 37. Bd2 Rf1 38. Ke2 Rg1 39. Kf3 Kg7 40. Bb7 Ra1 41. Bd5 h6 42. Bf4 g5 43. hxg5 hxg5 44. Bd6 Rd1 45. Ke2 Rd4 46. Bc5 Ra4 47. Kf3 Be5 48. g4 Bd4 49. Be7 Bf6 50. Bc5 Bc3 51. Bb3 Ra5 52. Bb6 Ra3 53. Bc5 b4 54. e5 Bxe5 55. Bxb4 Bb2 56. Ke4 Kf6 57. Kd5 a5 58. Bd6 a4 59. Bxa3 Bxa3 60. Bxa4 Ke7 61. Kc6 Kd8 62. Kb7 Ke7 63. Kc7 Bd6+ 64. Kc6 Ba3 65. Bb5 Ke6 66. Bc4+ Ke7 67. Bd3 Ke6 68. Bf5+ 1/2-1/2

[Event "CZE-chT2C 1617"]
[Site "Czech Republic"]
[Date "2017.01.15"]
[Round "6.8"]
[White "Bartos, Alois"]
[Black "Mares, Daniel"]
[Result "1/2-1/2"]
[WhiteElo "1946"]
[BlackElo "1907"]
[PlyCount "119"]
[EventDate "2016.10.09"]
[EventType "team-tourn"]
[EventRounds "11"]
[EventCountry "CZE"]
[SourceTitle "EXT 2022"]
[Source "ChessBase"]
[SourceDate "2021.10.06"]
[SourceVersion "1"]
[SourceVersionDate "2021.10.06"]
[SourceQuality "1"]
[WhiteTeam "Tabor"]
[BlackTeam "Pisek"]
[WhiteTeamCountry "CZE"]
[BlackTeamCountry "CZE"]

1. e4 e5 2. Bc4 Nc6 3. Nf3 Nf6 4. d3 Be7 5. 0-0 0-0 6. Re1 d6 7. c3 Na5 8. Bb5 a6 9. Ba4 c5 10. d4 Bg4 11. dxe5 Bxf3 12. Qxf3 dxe5 13. Nd2 Qc7 14. Bc2 b5 15. Nf1 Rad8 16. b3 Qc6 17. Bg5 Qe6 18. Rad1 Nc6 19. Ne3 Nd7 20. Bxe7 Nxe7 21. Re2 Nb8 22. Red2 Rxd2 23. Rxd2 Nbc6 24. Qd1 Qc8 25. Nd5 Nxd5 26. exd5 Nb8 27. Qe2 f6 28. h4 Qe8 29. Bf5 g6 30. Be6+ Kg7 31. g4 Nc6 32. a3 Nd8 33. Bc8 a5 34. d6 b4 35. cxb4 axb4 36. axb4 cxb4 37. Qc4 Qc6 38. Qxc6 Nxc6 39. d7 Rd8 40. Ra2 Nd4 41. Ra4 Nxb3 42. Rxb4 Nd4 43. Kg2 Ne6 44. Kf3 Kf7 45. Ra4 Nc5 46. Ra7 Ke6 47. Rc7 Nxd7 48. Bxd7+ Rxd7 49. Rc8 f5 50. gxf5+ gxf5 51. Rc6+ Kf7 52. Rh6 Kg7 53. Re6 Rd5 54. Ra6 Rd4 55. Kg3 Rg4+ 56. Kh3 Rg6 57. Ra7+ Kg8 58. Ra8+ Kg7 59. Ra7+ Kg8 60. Ra8+ 1/2-1/2

[Event "Tatry op"]
[Site "Tatranske Zruby"]
[Date "2014.09.29"]
[Round "2"]
[White "Bartos, Alois"]
[Black "Lanc, Alois"]
[Result "1/2-1/2"]
[WhiteElo "2072"]
[BlackElo "2363"]
[PlyCount "47"]
[EventDate "2014.09.28"]
[EventType "swiss"]
[EventRounds "9"]
[EventCountry "SVK"]
[SourceTitle "CBM 162 Extra"]
[Source "ChessBase"]
[SourceDate "2014.10.17"]
[SourceVersion "1"]
[SourceVersionDate "2014.10.17"]
[SourceQuality "1"]

1. e4 e5 2. Nf3 Nc6 3. Bc4 d6 4. 0-0 h6 5. h3 g6 6. d4 Bd7 7. Be3 Bg7 8. Nc3 Nf6 9. dxe5 dxe5 10. Bc5 Nh5 11. Qd2 Na5 12. Be2 b6 13. Ba3 c6 14. Rad1 Be6 15. Bd6 f6 16. b3 Nf4 17. Ba6 Bf8 18. Bxf8 Rxf8 19. h4 Qxd2 20. Nxd2 Bc8 21. Bxc8 Rxc8 22. b4 Nb7 23. Nc4 Ke7 24. Ne3 1/2-1/2

[Event "Tabor op"]
[Site "Tabor"]
[Date "2012.07.30"]
[Round "2"]
[White "Lechtynsky, Jiri"]
[Black "Bartos, Alois"]
[Result "1-0"]
[WhiteElo "2379"]
[BlackElo "2082"]
[PlyCount "63"]
[EventDate "2012.07.29"]
[EventType "swiss"]
[EventRounds "9"]
[EventCountry "CZE"]
[SourceTitle "EXT 2013"]
[Source "ChessBase"]
[SourceDate "2012.11.22"]
[SourceVersion "1"]
[SourceVersionDate "2012.11.22"]
[SourceQuality "1"]

1. Nf3 c5 2. c4 Nc6 3. g3 Nf6 4. Bg2 d5 5. cxd5 Nxd5 6. Nc3 Nc7 7. d3 e5 8. Nd2 Be7 9. Nc4 f6 10. f4 exf4 11. Bxf4 0-0 12. 0-0 Bd7 13. Qb3 Ne6 14. Qxb7 Nxf4 15. Bxc6 Bxc6 16. Qxc6 Rc8 17. Qe4 Nh3+ 18. Kg2 Ng5 19. Qd5+ Nf7 20. Qxd8 Bxd8 21. Rac1 Re8 22. Rc2 Rc6 23. Nd5 g6 24. e4 Kg7 25. h3 h5 26. Rc3 Ng5 27. Rb3 a6 28. Rb7+ Kh8 29. Rd7 Rce6 30. h4 Nh7 31. Nd6 Nf8 32. Rxd8 1-0

[Event "CZE-chT2A 1011"]
[Site "Czech Republic"]
[Date "2010.10.17"]
[Round "1"]
[White "Roj, Miroslav"]
[Black "Bartos, Alois"]
[Result "1-0"]
[WhiteElo "2156"]
[BlackElo "2065"]
[PlyCount "63"]
[EventDate "2010.10.17"]
[EventType "team-tourn"]
[EventRounds "11"]
[EventCountry "CZE"]
[SourceTitle "EXT 2012"]
[Source "ChessBase"]
[SourceDate "2011.11.24"]
[SourceVersion "1"]
[SourceVersionDate "2011.11.24"]
[SourceQuality "1"]
[WhiteTeam "Pisek Platan"]
[BlackTeam "Tabor II"]
[WhiteTeamCountry "CZE"]
[BlackTeamCountry "CZE"]

1. d4 c5 2. d5 Nf6 3. Nf3 e6 4. Nc3 d6 5. Bg5 e5 6. e4 Be7 7. Bb5+ Nfd7 8. h4 a6 9. Bxd7+ Bxd7 10. a4 Bg4 11. Bxe7 Qxe7 12. Qd3 0-0 13. Nd2 Qc7 14. a5 Bd7 15. Ra3 f5 16. Nc4 Bb5 17. b3 Bxc4 18. bxc4 fxe4 19. Nxe4 Nd7 20. Ng5 Nf6 21. Ne6 Qe7 22. Nxf8 Rxf8 23. Qe2 e4 24. 0-0 Qe5 25. Re3 Qb2 26. c3 Qa3 27. g4 Qxa5 28. g5 Nd7 29. f4 exf3 30. Rexf3 Qd8 31. Qe6+ Kh8 32. Qxd7 1-0

[Event "Harrachov op-A"]
[Site "Harrachov"]
[Date "2009.10.30"]
[Round "8"]
[White "Bartos, Alois"]
[Black "Janousek, Petr"]
[Result "1-0"]
[WhiteElo "2100"]
[BlackElo "2183"]
[PlyCount "85"]
[EventDate "2009.10.24"]
[EventType "swiss"]
[EventRounds "9"]
[EventCountry "CZE"]
[SourceTitle "EXT 2012"]
[Source "ChessBase"]
[SourceDate "2011.11.24"]
[SourceVersion "1"]
[SourceVersionDate "2011.11.24"]
[SourceQuality "1"]

1. e4 e5 2. Nf3 Nc6 3. Bc4 d6 4. 0-0 Bg4 5. c3 Qd7 6. Re1 Nf6 7. Bb3 Be7 8. d3 0-0 9. Nbd2 Rad8 10. h3 Be6 11. Ba4 Qc8 12. Qe2 Bd7 13. Bb3 Be6 14. Bc2 h6 15. d4 exd4 16. cxd4 Nb4 17. Bb1 c5 18. d5 Bd7 19. a3 Na6 20. Nf1 Rfe8 21. Qc2 Bf8 22. b3 g6 23. Bb2 Bg7 24. Ng3 b5 25. Ba2 b4 26. a4 c4 27. bxc4 Nc5 28. Bb1 b3 29. Qe2 Nxa4 30. Bd4 Nc5 31. Rxa7 Qb8 32. Ra3 Qb4 33. Qb2 Nh5 34. Nxh5 Bxd4 35. Qxd4 gxh5 36. Qb2 f6 37. Qxf6 Qxa3 38. Qg6+ Kf8 39. Qxh6+ Kg8 40. Qg6+ Kf8 41. Qf6+ Kg8 42. e5 dxe5 43. Ng5 1-0

[Event "Harrachov op-A"]
[Site "Harrachov"]
[Date "2009.10.26"]
[Round "3"]
[White "Bartos, Alois"]
[Black "Hajek, Jaroslav"]
[Result "1-0"]
[WhiteElo "2100"]
[BlackElo "1917"]
[PlyCount "101"]
[EventDate "2009.10.24"]
[EventType "swiss"]
[EventRounds "9"]
[EventCountry "CZE"]
[SourceTitle "EXT 2012"]
[Source "ChessBase"]
[SourceDate "2011.11.24"]
[SourceVersion "1"]
[SourceVersionDate "2011.11.24"]
[SourceQuality "1"]

1. e4 d5 2. exd5 Qxd5 3. Nc3 Qd6 4. g3 Nf6 5. Bg2 c6 6. d4 Bf5 7. Nf3 e6 8. 0-0 Be7 9. a3 0-0 10. Re1 Na6 11. Bf4 Qd8 12. Ne2 c5 13. c3 Rc8 14. Nd2 Nd5 15. c4 Nxf4 16. Nxf4 Qxd4 17. Bxb7 Rcd8 18. Bxa6 Qxd2 19. Nd5 Bg5 20. Qxd2 Bxd2 21. Red1 exd5 22. Rxd2 dxc4 23. Rxd8 Rxd8 24. Bxc4 Kf8 25. Re1 Rd2 26. Bb5 f6 27. Re2 Rd1+ 28. Kg2 Bd3 29. Bxd3 Rxd3 30. Rc2 Rd5 31. Kf3 Ke7 32. Ke3 Re5+ 33. Kd3 Kd6 34. f4 Re7 35. Rc4 Rd7 36. Ra4 Kc6+ 37. Kc3 Re7 38. f5 Kd5 39. Kd3 Rb7 40. Kc3 Re7 41. Ra5 Re3+ 42. Kd2 Rb3 43. Kc2 Rf3 44. b4 Rf2+ 45. Kd3 Rxh2 46. Rxc5+ Kd6 47. Ke3 Ra2 48. Ra5 g6 49. Kf4 Rf2+ 50. Kg4 Rb2 51. Rxa7 1-0

[Event "Sec Svetla op"]
[Site "Sec u Chrudimi"]
[Date "2008.10.30"]
[Round "7"]
[White "Bartos, Alois"]
[Black "Bilek, Martin"]
[Result "1/2-1/2"]
[WhiteElo "2067"]
[BlackElo "2016"]
[PlyCount "88"]
[EventDate "2008.10.25"]
[EventType "swiss"]
[EventRounds "9"]
[EventCountry "CZE"]
[SourceTitle "EXT 2023"]
[Source "ChessBase"]
[SourceDate "2022.10.05"]
[SourceVersion "1"]
[SourceVersionDate "2022.10.05"]
[SourceQuality "1"]

1. e4 c5 2. Nf3 e6 3. d4 cxd4 4. Nxd4 a6 5. c4 Nf6 6. Nc3 Bb4 7. Qd3 Qa5 8. Bd2 Nc6 9. Nb3 Qc7 10. Be2 b6 11. 0-0 Bb7 12. a3 Be7 13. Rac1 0-0 14. f4 Na5 15. Nxa5 bxa5 16. e5 Ne8 17. Ne4 d6 18. Bc3 Rd8 19. Qc2 dxe5 20. fxe5 Qc6 21. Bf3 Qxc4 22. Bxa5 Qd4+ 23. Kh1 Rc8 24. Bc3 Qb6 25. Qd2 f6 26. exf6 Nxf6 27. Nxf6+ Bxf6 28. Bxf6 Rxc1 29. Qxc1 Rxf6 30. Bxb7 Rxf1+ 31. Qxf1 Qxb7 32. b4 h6 33. h3 Qc6 34. Qd3 Qc1+ 35. Kh2 Qf4+ 36. Qg3 Qe4 37. Qd6 Qc4 38. a4 Kh7 39. Qc5 Qf4+ 40. Kg1 Qe4 41. Qd6 Qc4 42. a5 Qe2 43. Qc5 Kh8 44. Kh2 Kh7 1/2-1/2

[Event "Sec Svetla op"]
[Site "Sec u Chrudimi"]
[Date "2008.10.28"]
[Round "4"]
[White "Hajek, Jaroslav"]
[Black "Bartos, Alois"]
[Result "1/2-1/2"]
[WhiteElo "1925"]
[BlackElo "2067"]
[PlyCount "44"]
[EventDate "2008.10.25"]
[EventType "swiss"]
[EventRounds "9"]
[EventCountry "CZE"]
[SourceTitle "EXT 2023"]
[Source "ChessBase"]
[SourceDate "2022.10.05"]
[SourceVersion "1"]
[SourceVersionDate "2022.10.05"]
[SourceQuality "1"]

1. e4 c5 2. Nf3 e6 3. d4 cxd4 4. Nxd4 a6 5. Bd3 Nc6 6. Nxc6 bxc6 7. 0-0 d5 8. Qe2 Nf6 9. exd5 cxd5 10. b3 Bd6 11. Bb2 0-0 12. Nd2 Re8 13. Be5 Bxe5 14. Qxe5 Nd7 15. Qd6 Qe7 16. Qxe7 Rxe7 17. f4 Bb7 18. c4 a5 19. cxd5 Bxd5 20. Rac1 Nb6 21. Be4 Bxe4 22. Nxe4 Nd5 1/2-1/2